000 00398nam a22001697a 4500
003 MPLRDC
005 20220104125413.0
008 210129b ||||| |||| 00| 0 eng d
082 _a857.9 HDX
100 _a黄大铣
245 _a拔剑起蒿莱
_c
250 _a一版一刷
260 _a
_b海峡文艺出版社
_c1985
300 _b
650 _a武侠小说
942 _cBK
_o857.9 HDX
999 _c27083
_d27073